000 01318nam a2200229Ia 4500
003 Ost
005 20260416102353.0
008 260416s9999||||xx |||||||||||||| ||und||
040 _cfsecg
041 _aara
082 _a332.6
100 _aالعمراوي، حنان
_eمؤلف
245 0 _a إدارة المحافظ المالية :
_bمطبوعة الدعم البيداغوجي /
_c حنان العمراوي
260 _aالجزائر
_bجامعة الجزائر3: كلية العلوم الإقتصادية، العلوم التجارية وعلوم التسيير
_c2018
300 _a104 ورقة
_bايضاحات
_c30 سم
504 _aمراجع ص.102
520 _aمفهوم المحفظة و خصائصها و التطرق الى نظرية المحفظة و تطبيق نظرية المحفظة في ظل إستثمار خالي من الخطر و تناول نموذج السوق و نموذج تسعير الأصول الرأسمالية و أخيرا نموذج العوامل و نظرية التسعير بالمراجحة.
653 _aالاستثمار
653 _aالمحافظ المالية
710 _aجامعة الجزائر3: كلية العلوم الإقتصادية، العلوم التجارية وعلوم التسيير
_eناشر علمي
942 _cHANDOUT
999 _c41095
_d41095